|
|
|
|
| LEADER |
01949nam a2200421 i 4500 |
| 001 |
EBC4635182 |
| 003 |
MiAaPQ |
| 005 |
20200917021826.0 |
| 006 |
m o d | |
| 007 |
cr cnu|||||||| |
| 008 |
160901t20162016enka ob 000 0 eng d |
| 020 |
|
|
|z 9781786357274
|
| 020 |
|
|
|a 9781786357281
|q (electronic bk.)
|
| 035 |
|
|
|a (MiAaPQ)EBC4635182
|
| 035 |
|
|
|a (Au-PeEL)EBL4635182
|
| 035 |
|
|
|a (CaPaEBR)ebr11246645
|
| 035 |
|
|
|a (OCoLC)956731057
|
| 040 |
|
|
|a MiAaPQ
|b eng
|e rda
|e pn
|c MiAaPQ
|d MiAaPQ
|
| 050 |
|
4 |
|a HF5415.6
|b .R483 2016
|
| 082 |
0 |
|
|a 658.5
|2 23
|
| 245 |
0 |
0 |
|a Retail logistics /
|c guest editors, Carlos Mena and Michael Bourlakis.
|
| 264 |
|
1 |
|a [Bradford, England] :
|b Emerald Group Publishing Limited,
|c 2016.
|
| 264 |
|
4 |
|c 2016
|
| 300 |
|
|
|a 1 online resource (173 pages) :
|b illustrations, tables.
|
| 336 |
|
|
|a text
|2 rdacontent
|
| 337 |
|
|
|a computer
|2 rdamedia
|
| 338 |
|
|
|a online resource
|2 rdacarrier
|
| 490 |
0 |
|
|a International Journal of Physical Distribution & Logistics Management,
|x 0960-0035 ;
|v Volume 46, Number 6/7
|
| 504 |
|
|
|a Includes bibliographical references at the end of each chapters.
|
| 588 |
|
|
|a Description based on online resource; title from PDF cover (ebrary, viewed September 1, 2016).
|
| 590 |
|
|
|a Electronic reproduction. Ann Arbor, MI : ProQuest, 2016. Available via World Wide Web. Access may be limited to ProQuest affiliated libraries.
|
| 650 |
|
0 |
|a Physical distribution of goods.
|
| 655 |
|
4 |
|a Electronic books.
|
| 700 |
1 |
|
|a Mena, Carlos,
|e editor.
|
| 700 |
1 |
|
|a Bourlakis, Michael A.,
|e editor.
|
| 776 |
0 |
8 |
|i Print version:
|t Retail logistics.
|d [Bradford, England] : Emerald Group Publishing Limited, c2016
|h 1 volume (various pagings)
|k International Journal of Physical Distribution & Logistics Management ; Volume 46, Number 6/7
|z 9781786357274
|
| 797 |
2 |
|
|a ProQuest (Firm)
|
| 856 |
4 |
0 |
|u https://ebookcentral.proquest.com/lib/matrademy/detail.action?docID=4635182
|z Click to View
|